00404nam a2200121Ia 4500008004100000050002100041245008200062260004100144300001600185650003200201980003200233999001700265151021s9999 xx 000 0 und d aHC 865.K47 2013  a_Siaya County Development Profile/ Kenya Ministry of Devolution and Planning  aNairobi : Government Printers, 2013  axvi,123 p.  a_County Vision and Mission  a^d20140317 11:36:23^omwanik c14774d14774